| 000 | 00483cam a22001337a 4500 | ||
|---|---|---|---|
| 008 | 180718b1971 xxu||||| |||| 00| 0 eng d | ||
| 082 | _aT3942x54 In2/EYI/1969 | ||
| 100 | _aTariff Commission | ||
| 245 |
_aReport on the price structure of man-made fibres and yarns industry rayon tyre cord, Bombay, 1969 _cby Tariff Commission, India |
||
| 260 |
_aDelhi _bThe Manager of Publications _c1971 |
||
| 300 | _a88+p. | ||
| 500 | _aChairman: B.N. Banerji | ||
| 700 | _aBanerji, B.N. (Chairman) | ||
| 999 |
_c489790 _d489790 |
||